000 00662cam a22001815a 4500
001 L156081
008 120430s1843 xxk f 000 0 eng d
035 _a(Sirsi) u156081
041 0 _aeng
100 1 _aDobson, Edward
245 0 4 _aThe students' guide to the practice of measuring and valuing artificers' works ...
_cby a late eminent surveyor [arranged for publication with much additional matter by Mr. Edward Dobson]
260 _aLondon
_bJohn Weale
_c1843
300 _aVarious pagings
_b8 folded plats
_c8o
583 _aCondition reviewed
_c20120620
_lcondition level 4
651 4 _aGreat Britain
_y1707-
690 _aMeasurement
_96256
942 _n0
999 _c114017
_d114017